|
|
|
|
| LEADER |
00000nam2a2200000 4500 |
| 001 |
141175 |
| 005 |
20231031142344.0 |
| 020 |
|
|
|a RU
|b 82-67054
|
| 035 |
|
|
|a (RuTPU)RU\TPU\book\153020
|
| 090 |
|
|
|a 141175
|
| 100 |
|
|
|a 20080804d1982 k y0rusy5003 ca
|
| 101 |
0 |
|
|a rus
|
| 102 |
|
|
|a RU
|
| 105 |
|
|
|a a z 001zy
|
| 200 |
0 |
|
|a Вып. 20: Методы решения задач упругости и пластичности
|
| 210 |
|
|
|d 1982
|
| 215 |
|
|
|a 112 с.
|c ил.
|
| 320 |
|
|
|a Библиография в конце статей
|
| 461 |
|
1 |
|0 (RuTPU)RU\TPU\book\121455
|t Прикладные проблемы прочности и пластичности
|o всесоюзный межвузовский сборник
|f Горьковский государственный университет им. Н. И. Лобачевского (ГГУ)
|v Вып. 20: Методы решения задач упругости и пластичности
|d 1975-1999
|
| 610 |
1 |
|
|a физика
|
| 610 |
1 |
|
|a прочность
|
| 610 |
1 |
|
|a пластичность
|
| 610 |
1 |
|
|a упругость
|
| 610 |
1 |
|
|a деформируемые твердые тела
|
| 610 |
1 |
|
|a механика
|
| 610 |
1 |
|
|a аналитические методы
|
| 610 |
1 |
|
|a метод интегрального уравнения
|
| 610 |
1 |
|
|a вариационно-разностные методы
|
| 610 |
1 |
|
|a статические задачи
|
| 610 |
1 |
|
|a динамические задачи
|
| 610 |
1 |
|
|a метод конечных элементов
|
| 610 |
1 |
|
|a метод оптимизации
|
| 675 |
|
|
|a 539.4
|z rus
|v 3
|
| 675 |
|
|
|a 539.214
|z rus
|v 3
|
| 801 |
|
0 |
|a RU
|b RuMRKP
|c 19950704
|g psbo
|
| 801 |
|
1 |
|a RU
|b 63413507
|c 20080804
|g PSBO
|
| 801 |
|
2 |
|a RU
|b 63413507
|c 20180416
|g PSBO
|
| 942 |
|
|
|c BK
|